[Event "Czerniak Memorial 12th"]
[Site "Tel Aviv"]
[Date "1996.??.??"]
[Round "9"]
[White "Gofshtein, Leonid D"]
[Black "Zifroni, Dov"]
[Result "0-1"]
[WhiteElo "2540"]
[BlackElo "2455"]
[Annotator "Har Zvi,R"]
[PlyCount "56"]
[EventDate "1996.04.??"]
[EventType "tourn"]
[EventRounds "11"]
[EventCountry "ISR"]
[EventCategory "9"]
[SourceTitle "CBM 053"]
[Source "ChessBase"]
[SourceDate "1996.08.01"]
[SourceVersion "1"]
[SourceVersionDate "1996.08.01"]
[SourceQuality "1"]

1. d4 d5 2. c4 e6 3. Nc3 Nf6 4. cxd5 exd5 5. Bg5 c6 6. e3 h6 7. Bh4 Be7 8. Qc2
O-O 9. Bd3 Re8 10. Nf3 Nbd7 11. h3 Ne4 12. Bxe4 Bxh4 {Gofshtein had 5.5 out of
8 and shared the 2-3 places he had quite easy games till the end,Manor had
only half a point more but with his strange next move Gofshtein throwes away
his chances for first place Gofshtein had 5.5 out of 8 and shared the 2-3
places he had quite easy games till the end,Manor had only half a point more
but with his strange next move Gofshtein throwes away his chances for first
place Gofshtein had 5.5 out of 8 and shared the 2-3 places he had quite easy
games till the end,Manor had only half a point more but with his strange next
move Gofshtein throwes away his chances for first place} 13. Bd3 $4 {it seems
white position is not good but still he could keep the balance with Bh7 but
not 13.Nxh4 Qxh4 14.g3 Qf6! and taking d4 after the bishop moves} (13. Bh7+ {
Har Zvi} Kh8 14. O-O-O $5 g6 $6 {risky more soild is 14...Be7 with interesting
position risky more soild is 14...Be7 with interesting position} 15. Bxg6 fxg6
16. Qxg6 Bg5 17. Nxg5 hxg5 18. Qh6+ Kg8 19. Qg6+ Kf8 20. Qh6+ Kg8 (20... Kf7
21. Qh7+ Ke6 22. Qg6+ Nf6 23. Qxg5 {when 3 pawns are enough for the piece,now
black is worse}) 21. Qg6+ $10) 13... Rxe3+ 14. Kf1 Re8 15. Ne2 Bf6 16. g4 Nf8
17. Rd1 Bd7 18. b4 a5 19. Rb1 axb4 20. Rxb4 b6 21. Qb1 Ra3 22. Rb3 Qa8 23. Rxb6
Rxa2 24. Qd1 Qa7 25. Rb1 Ne6 26. h4 g6 27. Bc2 Bc8 28. Bd3 Nxd4 0-1

[Event "Evry 1st"]
[Site "Evry"]
[Date "2001.03.15"]
[Round "1"]
[White "Charnushevich, Aliaksei"]
[Black "Inkiov, Ventzislav"]
[Result "1/2-1/2"]
[WhiteElo "2435"]
[BlackElo "2448"]
[Annotator "Hecht,H"]
[PlyCount "110"]
[EventDate "2001.03.??"]
[EventType "tourn"]
[EventRounds "9"]
[EventCountry "FRA"]
[EventCategory "8"]
[SourceTitle "CBM 083"]
[Source "ChessBase"]
[SourceDate "2001.07.05"]
[SourceVersion "1"]
[SourceVersionDate "2001.07.05"]
[SourceQuality "1"]

1. d4 Nf6 2. c4 e6 3. Nc3 d5 4. cxd5 exd5 5. Bg5 Nbd7 6. e3 c6 7. Bd3 Be7 8.
Qc2 O-O 9. Nf3 Re8 10. O-O Nf8 11. Rab1 Ng6 12. Bxf6 Bxf6 13. Bf5 Be7 14. b4
Bd6 15. b5 Qf6 16. Bxc8 Raxc8 17. bxc6 bxc6 18. Rfc1 Nh4 19. Nxh4 Qxh4 20. g3
Qh3 21. Qe2 Re6 22. Qf3 Rce8 23. Rb7 Rf6 24. Qg2 Qf5 25. Rxa7 h5 26. Rb7 h4 27.
Rb3 h3 28. Qf1 Qf3 29. Ne2 Ra8 30. Rc2 g5 31. Rbc3 Bb4 32. Rb3 Be1 33. Nc1 Ba5
34. Ra3 Ra7 35. Nb3 Bb6 36. Rxa7 Bxa7 37. Re2 g4 38. Nd2 Qf5 39. Qb1 Qxb1+ 40.
Nxb1 {[#] Schwarz erhält zum Remis ausreichendes Gegenspiel aus zwei Gründen: 
a) der Läufer ist die bessere Leichtfigur,  b) beengte weiße Stellung.} c5 41.
dxc5 Bxc5 42. Rc2 (42. Nc3 d4 43. Ne4 Rb6 44. Re1 Bb4 45. Rb1 f5 46. Nf6+ Rxf6
47. Rxb4 Rc6 48. Rb1 Ra6 (48... Rc2 49. Ra1 d3 50. Kf1 d2 51. Rd1 Rxa2 52. Ke2
Kf7 $14) 49. exd4 (49. Rb2 dxe3 50. fxe3 Kf7 51. Kf2 Ke6 52. e4 fxe4 53. Ke3
Ke5 54. Rb5+ Kf6 $11) 49... Rxa2 50. Rd1 Kf7 51. d5 Ke7 52. d6+ Kd7 $11) 42...
Bb6 43. Nd2 d4 44. exd4 Bxd4 {[%csl Rf2]} 45. Nc4 Rf3 46. Kf1 f5 47. a4 f4 48.
gxf4 Rxf4 49. a5 Bxf2 50. Rxf2 Rxc4 51. Rf5 (51. Ra2 $2 g3 $1 52. Ra1 (52. Ke2
Rc1 53. a6 gxh2 54. a7 h1=Q 55. a8=Q+ Qxa8 56. Rxa8+ Kg7 $19) 52... Rc2 53. Kg1
Rg2+ 54. Kh1 Rxh2+ 55. Kg1 Rf2 56. a6 h2+ 57. Kh1 g2+ 58. Kxh2 Rf1 $19) 51...
Ra4 52. Kf2 Kg7 53. Kg3 Kg6 54. Rf4 Rxa5 55. Rxg4+ Rg5 1/2-1/2

[Event "GRE-GER m"]
[Site "Corfu"]
[Date "1999.10.15"]
[Round "4"]
[White "Miladinovic, Igor"]
[Black "Jussupow, Artur"]
[Result "0-1"]
[WhiteElo "2526"]
[BlackElo "2636"]
[Annotator "Hecht,H"]
[PlyCount "100"]
[EventDate "1999.10.12"]
[EventType "schev"]
[EventRounds "5"]
[EventCountry "GRE"]
[SourceTitle "CBM 074"]
[Source "ChessBase"]
[SourceDate "2000.02.01"]
[SourceVersion "1"]
[SourceVersionDate "2000.02.01"]
[SourceQuality "1"]

1. d4 {Baburin} e6 2. c4 Nf6 3. Nc3 d5 4. cxd5 exd5 5. Bg5 Be7 6. e3 O-O 7. Bd3
Nbd7 8. Nf3 Re8 9. Qc2 Nf8 10. O-O c6 11. Rab1 Bd6 12. b4 (12. Rbe1 $5 {Baburin
}) 12... Ng6 ({It may make sense for Black to include move ...a6, so he will
not be left with a potentially weak pawn on the a-file. Then the following
line is possible:} 12... a6 {Baburin} 13. a4 Ng6 14. b5 axb5 15. axb5 h6 16.
Bxf6 Qxf6 17. e4 Nf4 18. e5 Qe6 {as in the game Janjgava-Baburin, 1989.}) 13.
Bxf6 ({In the game Legky-Inkiov, Bourbon-Lancy, 1998 White chose here a rather
strange move -} 13. Bf5 {Baburin Perhaps Black should have calmly played 13...
a6 or 13...Bxf5 14 Qxf5 Qd7, but he also stood well after} h6 14. Bxf6 Qxf6 15.
Bxc8 Raxc8) (13. b5 $142 $5 {Baburin}) 13... Qxf6 14. e4 dxe4 15. Nxe4 Qf4 16.
Nxd6 Qxd6 {Baburin: 'Black has comfortably equalised and can look into the
future with a hope, as the isolated d4-pawn may turn into a weakness.'} 17. Qc5
Qf6 18. Bxg6 hxg6 19. b5 Bf5 20. Rb3 Be4 {'!' Baburin.} 21. bxc6 Qxc6 {'=/+'
Baburin.} 22. Qa3 Qd5 23. Re3 Bxf3 24. Rxf3 Qxd4 {'-/+' Baburin.} 25. Qb3 Re7
26. Rd3 Qc5 27. Qa3 Qxa3 28. Rxa3 {[%cal Yg8h7,Yh7g6,Yg6f7,Yf7e7,Ye7d8,Yd8c7,
Yc7b7,Yb7a6,Ya6a5] [#] Schwarzes Gewinnmanöver: Wanderung des Königs wie
skizziert zum Damenflügel. Entscheidendes Manko bei Weiß: kein Gegenspiel.
Grund: Sicher gedeckte 7. Reihe durch einen schwarzen Turm und Schwäche des
weißen a-Bauern sowie die Unmöglichkeit, einen Turm tauschen zu können, was
normalerweise Verlust bedeutet.} b6 29. g3 (29. h4 $142 {i.V. mit g3, um
möglichst wenige Bauernschwächen zu haben und kleiner Annäherung des Königs
etwa nach f3 ist m.E. die beste hinhaltende Verteidigung.}) 29... g5 30. Rd1
Rc8 31. Rd2 (31. Rd4 Rc2 {[%csl Ra2,Rf2][%cal Re7e2]}) 31... Rc4 $1 32. Kg2 Kh7
33. h3 Rb4 34. Ra6 f6 35. g4 $2 (35. a4 $142 {[%cal Gd2a2,Ga4a5]}) 35... Kg6
36. Rc2 Rd7 37. Re2 Rc4 38. Rb2 Rc3 {[%csl Rh3]} 39. Ra4 Kf7 40. Ra6 (40. Re2
$142) 40... Ke7 41. Ra4 Kd8 42. Re4 Kc7 43. a4 Ra3 44. Rc2+ Kb7 {Das Erreichen
des Damenflügels durch den König ist ein enormer Kraftzuwachs für Schwarz, der
nun praktisch einen Stein mehr im Spiel hat.} 45. Rb2 Ka6 46. Rc4 Rad3 47. Rbb4
R3d5 48. Re4 Ka5 {[%csl Ra4]} 49. Rbc4 Rd2 50. Rb4 a6 {[%csl Ra4,Rf2][%cal
Rd2a2,Rd7d2]} 0-1

[Event "USA-ch"]
[Site "Parsippany"]
[Date "1996.??.??"]
[Round "6"]
[White "Yermolinsky, Alex"]
[Black "Ivanov, Igor Vasilievich"]
[Result "1/2-1/2"]
[WhiteElo "2610"]
[BlackElo "2475"]
[Annotator "Hecht,H"]
[PlyCount "87"]
[EventDate "1996.07.13"]
[EventType "tourn"]
[EventRounds "13"]
[EventCountry "USA"]
[EventCategory "12"]
[SourceTitle "CBM 055"]
[Source "ChessBase"]
[SourceDate "1996.12.01"]
[SourceVersion "1"]
[SourceVersionDate "1996.12.01"]
[SourceQuality "1"]

1. d4 Nf6 2. c4 e6 3. Nf3 d5 4. Nc3 Nbd7 5. cxd5 exd5 6. Bg5 Be7 7. e3 c6 8.
Qc2 O-O 9. Bd3 Re8 10. O-O Nf8 11. h3 Nh5 12. Bxe7 Rxe7 13. b4 Be6 14. b5 cxb5
15. Nxb5 a6 16. Nc3 Rc8 17. Qb2 Nf6 18. a4 Qa5 19. Ne2 Rec7 20. Qd2 Qxd2 21.
Nxd2 Ng6 22. Nb3 Nd7 23. f4 f5 24. Rfb1 Ne7 25. Nc5 Nxc5 26. dxc5 Nc6 27. Nd4
Nxd4 28. exd4 Bd7 29. Re1 g6 30. Re5 Bc6 31. a5 Re8 32. Rae1 Rxe5 33. Rxe5 Kf8
34. Kf2 Re7 35. g4 Rxe5 36. dxe5 Bd7 37. Be2 d4 38. Bf3 Bc6 39. Bxc6 bxc6 {
[#] blockierte Position, Variante: Tempospiel, Zugzwang, Reservezug mit
h-Bauer +-  Partie: remis, weil Schwarz nach Opfer des e-Bauern das Feld f6 hat
} 40. gxf5 $2 (40. g5 $1 Kf7 (40... Kg7 $1 41. e6 $1 (41. Ke2 h5 42. gxh6+ Kxh6
43. Kd3 Kg7 44. Kxd4 Kf7 $10) 41... Kf8 42. Ke2 Ke8 43. Kd3 Ke7 44. Kc4 $1 Kxe6
45. Kxd4) 41. Ke2 Ke6 (41... Ke7 42. Kd3 Ke6 $1 43. Kxd4 Kd7 44. Kc3 Ke6 45.
Kc4 $1 Kd7 46. e6+ Ke7 (46... Kxe6 47. Kd4) 47. Kd3 Kxe6 48. Kd4) 42. Kd3 Kd5
43. e6 Kxe6 44. Kxd4 Kd7 45. Ke5 Ke7 46. h4) 40... gxf5 41. Ke2 Ke7 42. Kd3 h5
43. Kxd4 h4 44. Kd3 1/2-1/2

[Event "EU-chT (Men) 13th"]
[Site "Leon"]
[Date "2001.11.06"]
[Round "1.1"]
[White "Agrest, Evgenij"]
[Black "Dervishi, Erald"]
[Result "1/2-1/2"]
[WhiteElo "2563"]
[BlackElo "2501"]
[Annotator "Hecht,H"]
[PlyCount "116"]
[EventDate "2001.11.06"]
[EventType "team-swiss"]
[EventRounds "9"]
[EventCountry "ESP"]
[SourceTitle "CBM 086"]
[Source "ChessBase"]
[SourceDate "2002.02.05"]
[SourceVersion "1"]
[SourceVersionDate "2002.02.05"]
[SourceQuality "1"]
[WhiteTeam "Sweden"]
[BlackTeam "Albania"]
[WhiteTeamCountry "SWE"]
[BlackTeamCountry "ALB"]

1. c4 e6 2. Nc3 d5 3. d4 Nf6 4. cxd5 exd5 5. Bg5 Be7 6. e3 O-O 7. Bd3 Nbd7 8.
Nf3 Re8 9. O-O c6 10. Qc2 Nf8 11. Rae1 Be6 12. Nd2 N6d7 13. Bxe7 Rxe7 14. f4 f6
15. Nf3 c5 16. Qf2 Rc8 17. f5 Bf7 18. g4 h6 19. Nh4 a6 20. Ng2 b5 21. Nf4 c4
22. Bc2 Nb6 23. a3 Qd7 24. e4 dxe4 25. Nxe4 Nd5 26. Nc5 Qd6 27. Nxd5 Bxd5 28.
Rxe7 Qxe7 29. Nxa6 Re8 30. Nb4 Ba8 31. Bd1 Qe4 32. Bf3 Qxf3 33. Qxf3 Bxf3 34.
Rxf3 Re4 35. Nc6 Rxg4+ 36. Kf2 Rh4 37. h3 Kf7 38. d5 Nd7 39. Re3 Ne5 40. Kg3
Rh5 41. Nxe5+ fxe5 42. Rxe5 Rg5+ 43. Kh2 g6 44. h4 Rxf5 45. Rxf5+ gxf5 46. Kg3
Ke7 47. Kf4 Kd6 48. Kxf5 Kxd5 {[#] Vernichtung störender Bauernmasse} 49. Kg6
Kc5 $1 (49... Kd4 50. Kxh6 Kd3 51. Kg5 Kc2 52. h5 Kxb2 53. h6 c3 54. h7 c2 55.
h8=Q+ Kb1 56. Qh7 Kb2 57. Qg7+ Kb1 58. Qg6 Kb2 59. Qf6+ Kb1 60. Qf5 Kb2 61.
Qe5+ $1 {pointierte Annäherung!} (61. Qxb5+ $2 Kxa3 $11) 61... Kb1 (61... Ka2
62. Qc3 Kb1 63. Qb3+ $18) 62. Qxb5+ $18) 50. Kxh6 b4 51. axb4+ Kxb4 {Auf dem
Weg nach b1 sind nun unterwegs die Verlustbauern abgetauscht und das Remis ist
perfekt.} 52. h5 Kb3 53. Kg5 Kxb2 54. h6 c3 55. h7 c2 56. h8=Q+ Kb1 57. Qh7 Kb2
58. Qb7+ Ka1 1/2-1/2

[Event "Bundesliga 0304"]
[Site "Germany"]
[Date "2003.12.13"]
[Round "5.3"]
[White "Lazarev, Vladimir"]
[Black "Jussupow, Artur"]
[Result "0-1"]
[WhiteElo "2526"]
[BlackElo "2589"]
[Annotator "Hecht,H"]
[PlyCount "98"]
[EventDate "2003.11.01"]
[EventType "team-tourn"]
[EventRounds "15"]
[EventCountry "GER"]
[SourceTitle "CBM 099"]
[Source "ChessBase"]
[SourceDate "2004.03.30"]
[SourceVersion "1"]
[SourceVersionDate "2004.03.30"]
[SourceQuality "1"]
[WhiteTeam "St Ingbert"]
[BlackTeam "Solingen"]
[WhiteTeamCountry "GER"]
[BlackTeamCountry "GER"]

1. d4 Nf6 2. c4 e6 3. Nc3 d5 4. cxd5 exd5 5. Bg5 Be7 6. e3 O-O 7. Bd3 Nbd7 8.
Qc2 Re8 9. Nge2 Nf8 10. O-O c6 11. f3 Be6 12. Kh1 N6d7 13. Bxe7 Qxe7 14. Nf4
Qd6 15. Rad1 Nb6 16. Nxe6 Rxe6 17. e4 dxe4 18. fxe4 Qxd4 19. Ba6 Qc5 20. Bxb7
Rae8 21. Ba6 Ng6 22. a3 Ne5 23. b4 Qe7 24. h3 Nec4 25. Qc1 h6 26. Rd4 Nd6 27.
Bd3 Rf6 28. Rd1 Qe5 29. Ne2 Nb5 30. Bxb5 cxb5 31. Nc3 Rc6 32. Qa1 Qg5 33. R4d3
Nc4 34. Rd5 Re5 35. Rg1 Rxd5 36. exd5 Rg6 37. Qe1 Nd6 38. Nxb5 Nf5 39. g4 Ne3
40. Nc3 Nxd5 41. Ne4 Qd8 42. Nc5 Nf4 43. Qe3 Qd5+ 44. Kh2 Ne6 45. Nxe6 Rxe6 46.
Qg3 Rf6 {[#] Because of the loose white king position, Black has the advantage.
However, it was soon gone after the pawn capture on a7.  [#] Wegen der offenen
weißen Königsstellung hat Schwarz Vorteil. Nach dem Bauernraub auf a7 war es
allerdings sofort aus.} 47. Qb8+ Kh7 48. Qxa7 $2 (48. Rg2) 48... Rf3 $1 {
[%csl Rh3][%cal Rd5d6,Rd5e5]} 49. Qc7 (49. Rg3 Qd2+ 50. Rg2 Qf4+ 51. Kh1 Rxh3+
52. Kg1 Qc1+ 53. Kf2 Qd2+ 54. Kf1 Qd1+ 55. Kf2 Rf3#) (49. Rg2 Qe5+ 50. Kg1 Qe1+
51. Kh2 g5 $1 {and the threat of Rxh3+ decides matters. und die Drohung Txh3+
entscheidet}) (49. Qc5 Qd3 50. Qh5 Qc2+ 51. Rg2 (51. Kh1 Qe4 $1 $19) 51... Qc7+
52. Kg1 Qc1+ 53. Kh2 Qf4+ 54. Kh1 Rf1+ 55. Rg1 Qf3+ 56. Kh2 Rf2+ $19) 49...
Rf2+ 0-1

[Event "EU-chT (Men) 13th"]
[Site "Leon"]
[Date "2001.11.09"]
[Round "4.3"]
[White "Norri, Joose"]
[Black "Borgo, Giulio"]
[Result "1-0"]
[WhiteElo "2418"]
[BlackElo "2424"]
[Annotator "Hecht,H"]
[PlyCount "109"]
[EventDate "2001.11.06"]
[EventType "team-swiss"]
[EventRounds "9"]
[EventCountry "ESP"]
[SourceTitle "CBM 086"]
[Source "ChessBase"]
[SourceDate "2002.02.05"]
[SourceVersion "1"]
[SourceVersionDate "2002.02.05"]
[SourceQuality "1"]
[WhiteTeam "Finland"]
[BlackTeam "Italy"]
[WhiteTeamCountry "FIN"]
[BlackTeamCountry "ITA"]

1. d4 d5 2. c4 e6 3. Nc3 Nf6 4. Nf3 Nbd7 5. Bg5 c6 6. cxd5 exd5 7. e3 Be7 8.
Bd3 Nh5 9. Bxe7 Qxe7 10. Qc2 g6 11. O-O-O Nb6 12. h3 Be6 13. Kb1 Ng7 14. g4
O-O-O 15. Na4 Nxa4 16. Qxa4 Kb8 17. Rc1 Ne8 18. Rc3 Nd6 19. Rhc1 Bd7 20. Qb4
Rhe8 21. Rb3 Rc8 22. Ne5 Rc7 23. g5 Rec8 24. h4 f6 25. gxf6 Qxf6 26. a4 Nf7 27.
Ba6 Bf5+ 28. e4 c5 29. Rxc5 Qxa6 30. exf5 Nxe5 31. Rxc7 Rxc7 32. dxe5 gxf5 33.
Rg3 Qf1+ 34. Ka2 Qc4+ 35. Qxc4 Rxc4 {[#] Interessantes Freibauernrennen nach
Vernichtung etlicher Bauern.} 36. Rg8+ Kc7 37. Rg7+ Kc6 38. Rxh7 Rxa4+ 39. Kb3
Rf4 40. Rf7 Rxf2 41. h5 f4 42. h6 Rh2 43. h7 f3 44. e6 f2 45. e7 Rh3+ 46. Rf3
Rxf3+ 47. Ka2 Re3 48. h8=Q f1=Q 49. Qh6+ Kd7 50. Qxe3 Qc4+ 51. b3 Qa6+ 52. Kb1
Ke8 (52... Qg6+ $1 53. Kc1 Qe4 54. Qxa7 Qb4 55. e8=Q+ Kxe8 56. Qe3+ Kd7 57.
Qh3+ Kc7 $17) 53. Qe5 $1 Qc6 $4 {Kurzschluss!} (53... Qb5 $15) 54. Qg7 $1 Kd7
55. Qf7 1-0

[Event "Akureyri"]
[Site "Akureyri"]
[Date "1994.??.??"]
[Round "?"]
[White "Van Wely, Loek"]
[Black "Hjartarson, Johann"]
[Result "0-1"]
[WhiteElo "2570"]
[BlackElo "2595"]
[Annotator "Hjartarson,J"]
[PlyCount "104"]
[EventDate "1994.02.??"]
[EventType "tourn"]
[EventRounds "11"]
[EventCountry "ISL"]
[EventCategory "10"]
[SourceTitle "CBM 040"]
[Source "ChessBase"]
[SourceDate "1994.06.01"]
[SourceVersion "1"]
[SourceVersionDate "1994.06.01"]
[SourceQuality "1"]

1. d4 {Hansen,Cu} Nf6 2. c4 e6 3. Nf3 d5 4. Nc3 Be7 5. Bg5 O-O 6. e3 Nbd7 7.
cxd5 exd5 8. Qc2 c6 9. Bd3 Re8 10. O-O Nf8 11. h3 g6 12. Rab1 Ne6 (12... a5 {
Hansen,Cu} 13. a3 Ne6 14. Bh6 Bd6 15. Rfe1 Kh8 16. e4 Bf4 17. Ne5 Kg8 18. Bxf4
Nxf4 19. Rbd1 Nxd3 20. Qxd3 Be6 $13 {Akopian,V-Ivanchuk,V/Biel izt/1993/}) 13.
Bh6 (13. Bxf6 {Hansen,Cu} Bxf6 14. b4 a6 15. Na4 Be7 16. Nc5 Bd6 17. Rfc1 Re7
18. Qd2 Rc7 19. Bf1 Ng5 $10 {Nikolic,Pr-Andersson,U/Wijk/1988/}) (13. Bh4 {
Hansen,Cu} Nh5 (13... Ng7 14. b4 (14. Bg3 Bf5 $10 {Hadjiyiannis,C-Mahmoud,Y/
Novi olm/1990/}) 14... a6 15. a4 Bf5 16. b5 axb5 17. axb5 Bxd3 18. Qxd3 Nf5 19.
Bxf6 Bxf6 20. Ra1 $14 {Sokolov,I-Van der Sterren,P/OHRA-B/1988/}) 14. Bxe7 {
0,5/Nikolic,P-Georgiev,Ki/Linares/1988/}) 13... Ng7 14. b4 a6 15. a4 (15. Na4
Bf5 16. Bxg7 (16. Nc5 b6 17. Na4 Bxd3 18. Qxd3 b5 $13) 16... Bxd3 17. Qxd3 Kxg7
18. Nc5 Rb8 19. a4 Bd6 20. b5 axb5 21. axb5 Ne4 22. Rfc1 $14 {Ivanchuk}) 15...
Bf5 16. Bxg7 (16. Ne5 Rc8 $10 17. Bxg7 Bxd3 18. Nxd3 Kxg7 19. Rb3 Bd6 20. b5 $2
(20. Qb2 Kg8 21. b5 axb5 22. axb5 c5 $10) 20... cxb5 $1 21. axb5 a5 $17 {
Gelfand-Ivanchuk, Linares 1993,I-57/405}) (16. b5 axb5 17. axb5 Ra3 18. Ra1 $14
) 16... Bxd3 17. Qxd3 Kxg7 18. b5 $146 (18. Rfc1 Bd6 19. b5 axb5 20. axb5 Ra3
21. Qc2 Qa5 $10 {Lobron-Smagin, BRD 1992, I-53/390}) 18... axb5 (18... cxb5 $5
19. axb5 a5 $13) 19. axb5 Ra3 20. Qc2 $2 (20. bxc6 $1 Qa5 21. Rfc1 bxc6 $10 (
21... Ne4 $2 22. Qb5 Nxc3 23. Qxa5 Rxa5 24. Rxc3 $18)) (20. Ra1 $5 {Hansen,Cu /
\21.Rxa3+Rf1-b1} Qa5 21. Rxa3 Qxa3 22. Rb1 cxb5 23. Ne5 b4 24. Nb5 Qa5 $15)
20... Qa5 21. Rb3 (21. Rfc1 Bb4 $17 (21... Rc8 $5 {Hansen,Cu /\cxb5} 22. bxc6
$2 Rxc6 23. Rb3 Rxb3 24. Qxb3 Ne4 25. Ne2 Rxc1+ 26. Nxc1 Qa1 27. Qc2 Ba3 $19))
21... Rc8 $1 $15 22. Rxa3 Qxa3 (22... Bxa3 $2 23. Qb3 cxb5 24. Nxd5 (24. Nxb5
$2 Bb4 25. Rb1 Qxb5 26. Qxb4 Rc1+ $19) 24... Qa4 25. Qxa4 bxa4 26. Nb6 Rc6 27.
Nxa4 b5 28. Nc5 Bxc5 29. dxc5 Rxc5 30. Rb1 $10) 23. Na4 (23. Nb1 Qa5 24. bxc6
Rxc6 25. Qb3 b5 26. Ne5 Rc7 $17) (23. Rb1 $2 {Hansen,Cu} cxb5 24. Rb3 Qa1+ $17)
23... Bd6 (23... Qb4 $2 24. Rb1 cxb5 25. Rxb4 Rxc2 26. Rxb5 $10) 24. Ne1 $1 (
24. Nb6 $2 Rc7 $19) (24. Nd2 Ra8 25. Nb6 Qa2 $1 $17) (24. Rb1 $10 {Hansen,Cu})
24... Rc7 (24... Qa1 25. Nf3 $1 $8 Qa3 26. Ne1) (24... Qb4 $2 25. Nd3 $1 Qxb5
26. Rb1 Qa6 27. Nac5 $14) (24... Ne4 $6 25. Nd3 cxb5 $2 26. Qxc8 Qxd3 27. Nb6
Bh2+ 28. Kxh2 Qxf1 29. Nd7 $16) 25. b6 $8 (25. bxc6 {Hansen,Cu} Rxc6 26. Qd1 b5
$17) 25... Rc8 26. Nd3 Nd7 27. Rb1 Ra8 28. Nac5 Bxc5 (28... Nxc5 $5 29. dxc5
Be7 $15) 29. dxc5 (29. Nxc5 Nxc5 30. Qxc5 Qxc5 31. dxc5 Ra5 32. Rc1 Kf6 $17)
29... Ra5 30. Rb3 Qa1+ 31. Kh2 $2 (31. Rb1 Qa3 (31... Qa2 {Hansen,Cu} 32. Rb2
Qc4 $17) 32. Rb3 Qa4 33. Qc3+ Kg8 $15) 31... Ra2 32. Qc3+ Qxc3 33. Rxc3 Kf6 34.
Kg3 Ra4 35. Nb2 Ra5 (35... Rb4 {Hansen,Cu} 36. Nd3 (36. Rc2 $5) 36... Rc4 37.
Ra3 Nxc5 38. Nxc5 Rxc5 39. Ra7 $10) 36. Nd3 Ke7 (36... Ne5 $5 37. Nxe5 Kxe5 $17
) 37. Kf3 Ra4 38. Ke2 f6 39. Rc2 Ne5 40. Nc1 (40. Nxe5 fxe5 41. f3 g5 $17)
40... Ra3 41. Kd2 f5 42. Rc3 Nc4+ 43. Kd3 $2 (43. Kc2 Ra1 $17) 43... Ra5 $1 (
43... Nb2+ 44. Kc2 Rxc3+ 45. Kxc3 Nd1+ 46. Kd4 Nxf2 47. Nb3 Kd7 48. Ke5 $44)
44. Nb3 Ra2 $19 45. Rc2 Ra3 46. Kc3 $2 (46. Rc3 Nb2+ 47. Ke2 Kf6 $19) 46... Na5
47. Rb2 Ke6 48. Kb4 (48. f4 d4+ $1 49. exd4 Kd5 50. Kb4 Rxb3+ $19) 48... Rxb3+
49. Rxb3 Nxb3 50. Kxb3 Ke5 51. Kc3 Ke4 52. Kd2 d4 0-1